[Event "Hamilton Waikato op"]
[Site "Hamilton"]
[Date "2016.07.30"]
[Round "3"]
[White "Carbonnier, Arnaud"]
[Black "Bennett, Hilton Petrie"]
[Result "1-0"]
[WhiteElo "1736"]
[BlackElo "1977"]
[PlyCount "121"]
[EventDate "2016.07.29"]
[EventType "swiss"]
[EventRounds "6"]
[EventCountry "NZL"]
[SourceTitle "EXT 2018"]
[Source "ChessBase"]
[SourceDate "2017.10.13"]
[SourceVersion "1"]
[SourceVersionDate "2017.10.13"]
[SourceQuality "1"]

1. d4 Nf6 2. c4 g6 3. Nc3 Bg7 4. e4 d6 5. Be3 0-0 6. f3 c6 7. Qd2 a6 8. Bh6 Bxh6 9. Qxh6 b5 10. Nge2 b4 11. Nd1 e5 12. d5 cxd5 13. cxd5 Nbd7 14. Ng3 Nc5 15. Bc4 Qb6 16. Ne3 Na4 17. Rb1 Qd8 18. 0-0 Kh8 19. Nd1 Bd7 20. Qd2 a5 21. Bd3 Nc5 22. b3 Qb6 23. Qf2 Rab8 24. Be2 a4 25. Ne3 axb3 26. axb3 Ra8 27. Nc4 Qb8 28. Nxe5 Ra2 29. Nc4 Ne8 30. Qd4+ f6 31. Rfc1 Na6 32. Ra1 Rxa1 33. Rxa1 Nc5 34. Qb2 Bb5 35. Nd2 Nc7 36. Bc4 Qb6 37. Qd4 Bd7 38. f4 Nb5 39. Bxb5 Bxb5 40. e5 fxe5 41. fxe5 dxe5 42. Qxe5+ Kg8 43. Qd4 Nd7 44. Qxb6 Nxb6 45. d6 Rd8 46. Nge4 Nd5 47. Ra5 Bc6 48. Nc4 Nf4 49. Re5 Nd3 50. Re7 Bxe4 51. Rxe4 Ra8 52. h3 Kf8 53. Re7 h5 54. Kh2 Nc5 55. Ne5 Nxb3 56. Rf7+ Kg8 57. Rb7 Nd2 58. Rxb4 Rd8 59. d7 Nf1+ 60. Kg1 Ng3 61. Rc4 1-0